Stacje i przystanki kolejowe we Wrocławiu - nagła śmierć - Statystyki

Ogólne statystyki
  • Ten quiz został rozwiązany 81 razy
  • Średni wynik to 6 z 11
Answers on the Grid
Answers color-coded by a green-red scale on the quiz's grid according to % correct below.
Wrocław Strachocin
Wrocław Brochów
Wrocław Wojnów Wschodni
Wrocław Osobowice
Wrocław Zakrzów
Wrocław Zachodni
Wrocław Główny
Wrocław Różanka
Wrocław Górnośląski
Wrocław Estakada
Wrocław Północny
Wrocław Zoo
Wrocław Popowice
Wrocław Leśnica
Wrocław Mikołajów
Wrocław Świebodzki
Wrocław Jagodno
Wrocław Odra
Wrocław Krzyki
Wrocław Przemysłowy
 
Statystyki odpowiedzi
Odpowiedź % Poprawnych
Wrocław Główny
78%
Wrocław Leśnica
67%
Wrocław Brochów
59%
Wrocław Mikołajów
59%
Wrocław Różanka
54%
Wrocław Zachodni
52%
Wrocław Zakrzów
50%
Wrocław Popowice
48%
Wrocław Osobowice
43%
Wrocław Strachocin
39%
Wrocław Wojnów Wschodni
35%
Nie znaleziono quizów pasujących do podanych kryteriów
Rozkład punktacji
Procent ludzi z każdym wynikiem
Percentyl według liczby udzielonych odpowiedzi
Twoja historia wyników
Nie rozwiązałeś tego quizu